| 000 | 00808nam a2200217 a 4500 | ||
|---|---|---|---|
| 001 | 14056 | ||
| 003 | BD-JhCC | ||
| 005 | 20240606131953.0 | ||
| 008 | 240606b20062020b |||| ||a| 000 0 ben d | ||
| 020 | _a98431142645 | ||
| 035 | _a(BD-JhCC)14056 | ||
| 040 |
_aBD-JhCC _dBD-JhCC |
||
| 041 | _aben | ||
| 082 |
_2297.22 _bNOB 2020 |
||
| 100 | _a মহিউদ্দিন ইয়াহইয়া আন্-নববী ( রহ), ইমাম | ||
| 245 |
_aরিয়াদুস সালেহীন / _b ইমাম মহিউদ্দিন ইয়াহইয়া আন্-নববী ( রহ), |
||
| 260 |
_aঢাকা: _bপ্রফেসর’স পাবলিকেশন্স; _c২০২০. |
||
| 300 |
_a248 p.: _c24 cm, |
||
| 650 | _aIslamic | ||
| 942 |
_2ddc _cBK |
||
| 999 |
_c14056 _d14056 |
||